UNIX, POSIX, and the open standards puzzle

Αποθηκεύτηκε σε:
Λεπτομέρειες βιβλιογραφικής εγγραφής
Κύριος συγγραφέας: Quarterman, John S. 1954-
Άλλοι συγγραφείς: Wilhelm, Susanne
Μορφή: Βιβλίο
Γλώσσα:English
Δημοσίευση: Reading, Mass. : Addison-Wesley, c1993
Θέματα:
Ετικέτες: Προσθήκη ετικέτας
Δεν υπάρχουν, Καταχωρήστε ετικέτα πρώτοι!

MARC

LEADER 00000nam a2200000 i 4500
001 1/4029
008 000524s1993 eng d
020 |a 0201527723 
035 |l 10061010 
040 |a GR-MY-UA  |b gre  |e aacr 
041 0 |a eng 
082 0 |a 005.43 
100 1 |a Quarterman, John S.  |d 1954- 
245 1 0 |a UNIX, POSIX, and the open standards puzzle /  |c John S. Quarterman, Susanne Wilhelm 
260 |a Reading, Mass. :   |b Addison-Wesley,   |c c1993 
300 |a xxi, 416 p.;  |b ill.;  |c 25 cm. 
504 |a Includes bibliographical references and index 
630 0 0 |a UNIX (Computer file) 
650 0 0 |a POSIX (Computer software standard) 
700 1 |a Wilhelm, Susanne. 
852 |a INST  |b SAMOS  |e 20000524  |h 005.43 QUA  |p 005300017217  |q 005300017217  |t BK  |y 0 
901 |a BIBL3-2000-2 
909 |a Σ  |b 067921 
922 |a 3ΕΛΗ  |b 200005  |c ΤΠΕΣ/ΤΑΚΤ  |d ΠΑΠΑΣΩΤΗΡΙΟΥ 
970 |a ΓΕΝΟΥΖΟΥ  |b ΧΡΥΣΑΝΘΗ  |z 2000/05/24